000 00757nam a2200241 a 4500
001 $$a0000020969
005 20200120222044.0
008 020619s2000 cola gr0 000 d
020 _a958-30-0458-8
090 _aAC
_bQUI 2000
100 0 _aQuiroga, Horacio
245 1 0 _aCuentos de la selva /
_cHoracio Quiroga; ilustraciones de Esperanza Vallejo; edición : René Hernandez Vera.
250 _a3a. ed.
260 _aBogotá
_bPanamericana
_c2000
300 _a186 p. : il., col.
490 _aLiteratura juvenil
500 _aEj. 1, 2, 3 y 4 de Marichuela donados por la SED
650 1 4 _aCUENTOS URUGUAYOS
650 1 4 _aLITERATURA URUGUAYA
650 1 4 _aSELVA
700 1 _aVallejo, Esperanza, il.
700 1 _aHernández Vera, René, ed.
999 _c1212
_d1212